| 000 | 00829nam a2200217Ii 4500 | ||
|---|---|---|---|
| 003 | JO-AjNU | ||
| 008 | 230605s9999||||xx |||||||||||||| ||und|| | ||
| 017 | _a2004/7/1792 | ||
| 040 |
_aJO-AjNU _bara _erda _cJO-AjNU |
||
| 041 | _aara | ||
| 050 | 1 | 4 | _aPJ6151.A2434 2004 |
| 100 | 3 |
_aتأليف عبد الخالق، فيصل علي؛مراجعة عمر محمد ديارنة, _eauthor _923887 |
|
| 245 | 0 | 0 | _aالتصريح على التوضيح: للفهّامة خالد بن عبد الله الأزهري على ألفية ابن مالك، ج2 |
| 250 | _aط1 | ||
| 264 | 3 | 1 | _aعمان: دار اليراع، 2004 |
| 300 | _aج2، 351ص | ||
| 336 |
_atext _btxt _2rdacontent |
||
| 337 |
_aunmediated _bn _2rdamedia |
||
| 338 |
_avolume _bnc _2rdacarrier |
||
| 650 | 4 |
_aقواعد اللغة-اللغة العربية _923888 |
|
| 999 |
_aA8713 _c12281 _d12281 |
||